Open source systém R a jeho možnosti využitia vo výučbe Štatistiky na EU v Bratislave bakalárska práca

Gespeichert in:
Bibliographische Detailangaben
1. Verfasser: Krištof, Ján
Körperschaft: Fakulta hospodárskej informatiky EU. Katedra matematiky
Weitere Verfasser: Fecenko, Jozef
Format: Buch
Sprache:Slowakisch
Veröffentlicht: Bratislava 2010
Tags: Tag hinzufügen
Keine Tags, Fügen Sie das erste Tag hinzu!

MARC

LEADER 00000nam$a2200000$$$4500
001 0129350
005 20240320073654.2
041 0 |a slo 
044 |a SK 
245 1 0 |a Open source systém R a jeho možnosti využitia vo výučbe Štatistiky na EU v Bratislave  |b bakalárska práca  |c Ján Krištof ; školiteľ: Jozef Fecenko 
264 1 |a Bratislava  |c 2010 
300 |a 45 s. 
100 1 |a Krištof, Ján 
700 1 |a Fecenko, Jozef 
710 2 |a Fakulta hospodárskej informatiky EU. Katedra matematiky